000 00734nam a22001817a 4500
003 UA-OsUOA
001 14499
007 ta
008 20031006b un ||||| |||| 00| 0 ukr d
100 _aПогонська В.
942 _cSA
040 _aUA-OsUOA
_cUA-OsUOA
_dUA-OsUOA
245 _aПо- господарськи та з любов'ю облаштовує ринок "Дубенський" підприємець Віталій Самсон, прагнучи зробити його найкращим у місті [ Рівному] та в Україні
300 _aС.5
955 _a0
773 0 _w0
_tСім днів
_dРівне
_d2003
_g№30/ 25 лип./
650 7 _aКраєзнавча робота
_2UDC
999 _c300660
_d300660